[Event "Muensterland Verbandsklasse 2526"]
[Site "Germany"]
[Date "2025.10.04"]
[Round "2"]
[Board "1"]
[White "Pohl, Tim"]
[Black "Huelsmann, Josef"]
[Result "1/2-1/2"]
[WhiteElo "1945"]
[BlackElo "2011"]
[WhiteFideId "-1"]
[BlackFideId "-1"]
[PlyCount "85"]
[GameId "2236515114822170"]
[EventDate "2025.??.??"]
[EventType "team-tourn"]
[EventRounds "9"]
[EventCountry "GER"]
[SourceTitle "Verband Muensterland"]
[SourceDate "2026.01.17"]
[SourceVersion "1"]
[SourceVersionDate "2026.01.17"]
[SourceQuality "1"]
[WhiteTeam "Telgte"]
[BlackTeam "Nordwalde"]
[WhiteTeamCountry "GER"]
[BlackTeamCountry "GER"]

1. e4 e6 2. d4 d5 3. Nd2 Nf6 4. e5 Nfd7 5. a3 c5 6. c3 Nc6 7. Ndf3 Be7 8. Ne2 a5 9. g3 a4 10. h4 Nb6 11. Bh3 Bd7 12. Nf4 g6 13. dxc5 Nc4 14. Nd3 Qc7 15. Qe2 N6a5 16. Nd4 Nb3 17. Nxb3 axb3 18. Bf4 Bb5 19. Bf1 Na5 20. Qd1 O-O-O 21. Nc1 Bc4 22. Bxc4 dxc4 23. Qf3 Qc6 24. Ke2 Bxc5 25. Re1 Qxf3+ 26. Kxf3 Nc6 27. a4 Kc7 28. Re4 Na5 29. Be3 Kc6 30. Ne2 Bxe3 31. Rxe3 Rd2 32. Nd4+ Kd5 33. Re2 Rxe2 34. Nxe2 Nc6 35. Rd1+ Kc5 36. Ke4 Ra8 37. Rd7 Rxa4 38. Rxf7 Ra2 39. Rxb7 Rxb2 40. Nf4 Na5 41. Nxe6+ Kc6 42. Nd8+ Kc5 43. Ne6+ 1/2-1/2

[Event "Muensterland Verbandsklasse 2526"]
[Site "Germany"]
[Date "2025.10.04"]
[Round "2"]
[Board "2"]
[White "Lerke, Bernd"]
[Black "Pohl, Detlev"]
[Result "1/2-1/2"]
[WhiteElo "1869"]
[BlackElo "1859"]
[WhiteFideId "-1"]
[BlackFideId "-1"]
[PlyCount "59"]
[GameId "2236515114834460"]
[EventDate "2025.??.??"]
[EventType "team-tourn"]
[EventRounds "9"]
[EventCountry "GER"]
[SourceTitle "Verband Muensterland"]
[SourceDate "2026.01.17"]
[SourceVersion "1"]
[SourceVersionDate "2026.01.17"]
[SourceQuality "1"]
[WhiteTeam "Nordwalde"]
[BlackTeam "Telgte"]
[WhiteTeamCountry "GER"]
[BlackTeamCountry "GER"]

1. c4 e5 2. Nc3 Nf6 3. Nf3 Nc6 4. d4 d6 5. d5 Ne7 6. e4 Ng6 7. Be2 Be7 8. h3 Bd7 9. Be3 a6 10. Qd2 Rb8 11. Nh2 b5 12. cxb5 axb5 13. b4 Qc8 14. Rc1 Qb7 15. Ng4 h6 16. O-O Nh7 17. Rc2 Bg5 18. Bxg5 Nxg5 19. Kh2 Nf4 20. h4 Nh7 21. Ne3 Qc8 22. g3 Nxe2 23. Nxe2 O-O 24. Rfc1 Rb7 25. Qd3 f5 26. exf5 Bxf5 27. Nxf5 Rxf5 28. Kg2 Rf7 29. Nc3 Qf5 30. Qxf5 1/2-1/2

[Event "Muensterland Verbandsklasse 2526"]
[Site "Germany"]
[Date "2025.10.04"]
[Round "2"]
[Board "3"]
[White "Almohammad, Abbas"]
[Black "Hols, Bernhard"]
[Result "1-0"]
[WhiteElo "1770"]
[BlackElo "1792"]
[WhiteFideId "-1"]
[BlackFideId "-1"]
[PlyCount "135"]
[GameId "2236515114834462"]
[EventDate "2025.??.??"]
[EventType "team-tourn"]
[EventRounds "9"]
[EventCountry "GER"]
[SourceTitle "Verband Muensterland"]
[SourceDate "2026.01.17"]
[SourceVersion "1"]
[SourceVersionDate "2026.01.17"]
[SourceQuality "1"]
[WhiteTeam "Telgte"]
[BlackTeam "Nordwalde"]
[WhiteTeamCountry "GER"]
[BlackTeamCountry "GER"]

1. e4 c5 2. Nc3 Nc6 3. Bb5 e5 4. d3 Nge7 5. f4 a6 6. Bc4 b5 7. Bb3 exf4 8. Bxf4 Na5 9. Nd5 Ra7 10. Nf3 Nxb3 11. axb3 Nxd5 12. exd5 d6 13. O-O Be7 14. d4 O-O 15. dxc5 dxc5 16. c4 bxc4 17. bxc4 Bg4 18. d6 Bf6 19. Qd5 Bxf3 20. Rxf3 Bxb2 21. Bg5 Qa8 22. Rd1 Qxd5 23. Rxd5 Bd4+ 24. Be3 Bxe3+ 25. Rxe3 a5 26. Rxc5 a4 27. Rc7 Raa8 28. Ra3 g6 29. c5 Kg7 30. c6 Kf6 31. Re7 Ra6 32. Rf3+ Kg7 33. Rfxf7+ Rxf7 34. Rxf7+ Kxf7 35. c7 Rxd6 36. c8=Q a3 37. Qc7+ Ke6 38. Kf2 Rd2+ 39. Ke3 a2 40. Qb6+ Rd6 41. Qb3+ Kf6 42. Qxa2 Re6+ 43. Kf3 Re7 44. h4 Kg7 45. Qb2+ Kf7 46. g4 Kg8 47. Kf4 h6 48. Qb8+ Kg7 49. Qd6 Re1 50. h5 Rf1+ 51. Ke3 Rf6 52. Qe7+ Rf7 53. Qe5+ Rf6 54. g5 hxg5 55. Qxg5 Kf7 56. hxg6+ Rxg6 57. Qh5 Kg7 58. Ke4 Ra6 59. Qg5+ Kh7 60. Qb5 Rf6 61. Ke5 Rh6 62. Qd7+ Kh8 63. Qe8+ Kh7 64. Kf5 Ra6 65. Qd7+ Kh6 66. Qd2+ Kg7 67. Qg2+ Kh6 68. Qh1+ 1-0

[Event "Muensterland Verbandsklasse 2526"]
[Site "Germany"]
[Date "2025.10.04"]
[Round "2"]
[Board "4"]
[White "Sandmann, Matthias"]
[Black "Dieckmann, Werner"]
[Result "1/2-1/2"]
[WhiteElo "1766"]
[BlackElo "1740"]
[WhiteFideId "-1"]
[BlackFideId "-1"]
[PlyCount "66"]
[GameId "2236515114842656"]
[EventDate "2025.??.??"]
[EventType "team-tourn"]
[EventRounds "9"]
[EventCountry "GER"]
[SourceTitle "Verband Muensterland"]
[SourceDate "2026.01.17"]
[SourceVersion "1"]
[SourceVersionDate "2026.01.17"]
[SourceQuality "1"]
[WhiteTeam "Nordwalde"]
[BlackTeam "Telgte"]
[WhiteTeamCountry "GER"]
[BlackTeamCountry "GER"]

1. d4 e6 2. c4 d5 3. Nc3 Nf6 4. Bg5 Be7 5. e3 Nbd7 6. Nf3 c6 7. Be2 h6 8. Bh4 O-O 9. O-O Re8 10. Rc1 Nh7 11. Bg3 dxc4 12. Bxc4 Nb6 13. Bd3 Nd5 14. Qb3 Qb6 15. Qc2 Nhf6 16. a3 Qd8 17. Ne5 Nxc3 18. Qxc3 Nd7 19. Nf3 Nf6 20. Qc2 Bd6 21. Bh4 Be7 22. Ne5 Rf8 23. b4 a6 24. f4 a5 25. b5 cxb5 26. Bxf6 Bxf6 27. Bxb5 Bxe5 28. fxe5 Bd7 29. Bd3 Rc8 30. Qb1 Rxc1 31. Rxc1 Bc6 32. Be4 Qg5 33. Qd3 Bxe4 1/2-1/2

[Event "Muensterland Verbandsklasse 2526"]
[Site "Germany"]
[Date "2025.10.04"]
[Round "2"]
[Board "5"]
[White "Stepa, Rainer"]
[Black "Keller, Hansjuergen"]
[Result "1-0"]
[WhiteElo "1737"]
[BlackElo "1506"]
[WhiteFideId "-1"]
[BlackFideId "-1"]
[PlyCount "103"]
[GameId "2236515114850850"]
[EventDate "2025.??.??"]
[EventType "team-tourn"]
[EventRounds "9"]
[EventCountry "GER"]
[SourceTitle "Verband Muensterland"]
[SourceDate "2026.01.17"]
[SourceVersion "1"]
[SourceVersionDate "2026.01.17"]
[SourceQuality "1"]
[WhiteTeam "Telgte"]
[BlackTeam "Nordwalde"]
[WhiteTeamCountry "GER"]
[BlackTeamCountry "GER"]

1. e4 c5 2. c3 d6 3. d4 Nf6 4. d5 g6 5. Nf3 Bg7 6. Bd3 Bg4 7. h3 Bxf3 8. Qxf3 O-O 9. O-O Nbd7 10. Qe2 e6 11. dxe6 fxe6 12. Bf4 Nb6 13. Nd2 Nh5 14. Be3 Nf4 15. Bxf4 Rxf4 16. Rad1 Qc7 17. Nc4 Rd8 18. g3 Rff8 19. Bb1 Nc8 20. Ne3 Qf7 21. Rd2 Bh6 22. c4 Bxe3 23. Qxe3 Qf3 24. Qxf3 Rxf3 25. e5 d5 26. Be4 Rff8 27. cxd5 exd5 28. Bxd5+ Kg7 29. Rfd1 b6 30. Bb3 Rxd2 31. Rxd2 Re8 32. f4 Re7 33. Kf2 Rc7 34. Ba4 Ne7 35. g4 a6 36. Bd1 b5 37. Bf3 c4 38. Ke3 c3 39. bxc3 Rxc3+ 40. Rd3 Rc2 41. Ra3 Rh2 42. Rxa6 Rxh3 43. Kf2 h5 44. gxh5 gxh5 45. Ra7 Kf8 46. Rxe7 Kxe7 47. Kg2 Rxf3 48. Kxf3 b4 49. Kg3 Kf7 50. Kh4 Kg6 51. e6 Kf6 52. f5 1-0

[Event "Muensterland Verbandsklasse 2526"]
[Site "Germany"]
[Date "2025.10.04"]
[Round "2"]
[Board "6"]
[White "Schmalbrock, Andreas"]
[Black "Kuhlenbaeumer, Alfred"]
[Result "0-1"]
[WhiteElo "1386"]
[BlackElo "1781"]
[WhiteFideId "-1"]
[BlackFideId "-1"]
[PlyCount "82"]
[GameId "2236515114859044"]
[EventDate "2025.??.??"]
[EventType "team-tourn"]
[EventRounds "9"]
[EventCountry "GER"]
[SourceTitle "Verband Muensterland"]
[SourceDate "2026.01.17"]
[SourceVersion "1"]
[SourceVersionDate "2026.01.17"]
[SourceQuality "1"]
[WhiteTeam "Nordwalde"]
[BlackTeam "Telgte"]
[WhiteTeamCountry "GER"]
[BlackTeamCountry "GER"]

1. e4 c6 2. Nc3 d5 3. d4 dxe4 4. Nxe4 Bf5 5. Qf3 Bg6 6. Be3 Qa5+ 7. Bd2 Qd5 8. Bd3 Nd7 9. Ne2 Ngf6 10. c4 Bxe4 11. cxd5 Bxf3 12. gxf3 Nxd5 13. Rg1 g6 14. Nc3 N7f6 15. O-O-O Bg7 16. Rde1 e6 17. f4 O-O 18. Ne2 a5 19. Ng3 Rfd8 20. Bb1 b5 21. Ne4 Nxe4 22. Rxe4 Nf6 23. Re3 Rxd4 24. Reg3 b4 25. h4 Rc4+ 26. Bc2 Ne4 27. Rd3 Nxf2 28. Rd7 Ne4 29. Rd1 Nc5 30. Rd6 Bf8 31. b3 Rxc2+ 32. Kxc2 Bxd6 33. Bxb4 Bf8 34. Bc3 Ne4 35. Bb2 h5 36. Rd4 Ng3 37. Rd7 Nf5 38. Bf6 Bg7 39. Bxg7 Kxg7 40. Rc7 Nxh4 41. Rxc6 Ng2 0-1

[Event "Muensterland Verbandsklasse 2526"]
[Site "Germany"]
[Date "2025.10.04"]
[Round "2"]
[Board "7"]
[White "Reinartz, Fabian"]
[Black "Overesch, Dieter"]
[Result "0-1"]
[WhiteElo "1533"]
[BlackElo "1658"]
[WhiteFideId "-1"]
[BlackFideId "-1"]
[PlyCount "72"]
[GameId "2236515114867238"]
[EventDate "2025.??.??"]
[EventType "team-tourn"]
[EventRounds "9"]
[EventCountry "GER"]
[SourceTitle "Verband Muensterland"]
[SourceDate "2026.01.17"]
[SourceVersion "1"]
[SourceVersionDate "2026.01.17"]
[SourceQuality "1"]
[WhiteTeam "Telgte"]
[BlackTeam "Nordwalde"]
[WhiteTeamCountry "GER"]
[BlackTeamCountry "GER"]

1. c4 d6 2. g3 e5 3. Bg2 Nf6 4. Nc3 Be7 5. d3 O-O 6. Nf3 c6 7. e4 Nbd7 8. O-O Qc7 9. h3 a5 10. Be3 Nc5 11. a4 h6 12. Qc2 Nh7 13. d4 Na6 14. Rac1 Bg5 15. Qe2 Qe7 16. Rfd1 Bxe3 17. Qxe3 Ng5 18. Nxg5 hxg5 19. g4 g6 20. Ne2 Kg7 21. b3 Nb4 22. Rd2 f5 23. exf5 gxf5 24. gxf5 Bxf5 25. Ng3 Bg6 26. Ne4 Rf4 27. Re1 d5 28. Nc5 e4 29. f3 Re8 30. Nd3 Nxd3 31. Rxd3 exd3 32. Qxe7+ Rxe7 33. Rxe7+ Kf6 34. Re1 d2 35. Rd1 Rxd4 36. Kf2 Bc2 0-1

[Event "Muensterland Verbandsklasse 2526"]
[Site "Germany"]
[Date "2025.10.04"]
[Round "2"]
[Board "8"]
[White "Blomqvist, Pontus"]
[Black "Teriete, Joachim"]
[Result "0-1"]
[WhiteElo "1404"]
[BlackElo "1456"]
[WhiteFideId "-1"]
[BlackFideId "-1"]
[PlyCount "60"]
[GameId "2236515114867240"]
[EventDate "2025.??.??"]
[EventType "team-tourn"]
[EventRounds "9"]
[EventCountry "GER"]
[SourceTitle "Verband Muensterland"]
[SourceDate "2026.01.17"]
[SourceVersion "1"]
[SourceVersionDate "2026.01.17"]
[SourceQuality "1"]
[WhiteTeam "Nordwalde"]
[BlackTeam "Telgte"]
[WhiteTeamCountry "GER"]
[BlackTeamCountry "GER"]

1. e4 e5 2. Nf3 d6 3. Nc3 Nc6 4. Bc4 Nf6 5. h3 Be7 6. d3 O-O 7. Be3 a6 8. a3 Na5 9. Ba2 b5 10. b4 Nb7 11. Nd5 Nxd5 12. Bxd5 Qd7 13. Qd2 c6 14. Bb3 Kh8 15. Ng5 Bxg5 16. Bxg5 f5 17. f3 f4 18. Bh4 d5 19. O-O-O a5 20. Kb2 axb4 21. Qxb4 c5 22. Qe1 d4 23. Bd5 Qd6 24. c4 bxc4 25. Bxc4 Be6 26. Rc1 Rfb8 27. Ka2 Bxc4+ 28. Rxc4 Na5 29. Ra4 Qe6+ 30. Ka1 Nb3+ 0-1

[Event "Muensterland Verbandsklasse 2526"]
[Site "Germany"]
[Date "2025.10.04"]
[Round "2"]
[Board "1"]
[White "Welling, Konrad"]
[Black "Wenning, Niels"]
[Result "1-0"]
[WhiteElo "1835"]
[BlackElo "1915"]
[WhiteFideId "-1"]
[BlackFideId "-1"]
[PlyCount "68"]
[GameId "2236515142277926"]
[EventDate "2025.??.??"]
[EventType "team-tourn"]
[EventRounds "9"]
[EventCountry "GER"]
[SourceTitle "Verband Muensterland"]
[SourceDate "2026.01.17"]
[SourceVersion "1"]
[SourceVersionDate "2026.01.17"]
[SourceQuality "1"]
[WhiteTeam "Bocholt II"]
[BlackTeam "Greven"]
[WhiteTeamCountry "GER"]
[BlackTeamCountry "GER"]

1. e4 e5 2. Nf3 Nc6 3. d4 exd4 4. Nxd4 Nf6 5. Nxc6 bxc6 6. e5 Qe7 7. Qe2 Nd5 8. c4 Nb6 9. b3 a5 10. Bb2 a4 11. g3 axb3 12. axb3 Rxa1 13. Bxa1 Qb4+ 14. Nd2 Qa3 15. Bd4 Bb4 16. Qd3 c5 17. Be3 Bb7 18. f3 Bxf3 19. Rg1 O-O 20. Kf2 Bh5 21. Bg2 Bg6 22. Be4 Qb2 23. Rd1 Qxe5 24. Bf4 Bxe4 25. Nxe4 Qb2+ 26. Kg1 d6 27. Ng5 g6 28. Ne4 f5 29. Ng5 Re8 30. Qf3 Bc3 31. Be3 Qxb3 32. Rxd6 Bd4 33. Bxd4 Qxf3 34. Nxf3 cxd6 1-0

[Event "Muensterland Verbandsklasse 2526"]
[Site "Germany"]
[Date "2025.10.04"]
[Round "2"]
[Board "2"]
[White "Kecker, Lars"]
[Black "Heister, Jonas"]
[Result "1-0"]
[WhiteElo "1866"]
[BlackElo "1743"]
[WhiteFideId "-1"]
[BlackFideId "-1"]
[PlyCount "79"]
[GameId "2236515142277928"]
[EventDate "2025.??.??"]
[EventType "team-tourn"]
[EventRounds "9"]
[EventCountry "GER"]
[SourceTitle "Verband Muensterland"]
[SourceDate "2026.01.17"]
[SourceVersion "1"]
[SourceVersionDate "2026.01.17"]
[SourceQuality "1"]
[WhiteTeam "Greven"]
[BlackTeam "Bocholt II"]
[WhiteTeamCountry "GER"]
[BlackTeamCountry "GER"]

1. d4 d5 2. Bf4 Bf5 3. Nf3 Nd7 4. c4 c6 5. Nc3 e6 6. e3 Ngf6 7. h3 h5 8. Qb3 Qb6 9. c5 Qxb3 10. axb3 Be7 11. b4 O-O 12. b5 Rfc8 13. bxc6 Rxc6 14. Be2 Rcc8 15. O-O b6 16. Ba6 Rc6 17. Bb7 Rac8 18. Nb5 Bd3 19. Bxc6 Bxf1 20. Nxa7 Rf8 21. Kxf1 bxc5 22. Nb5 cxd4 23. Nbxd4 Bc5 24. Ne5 Nb6 25. Nd3 Bxd4 26. exd4 Rc8 27. Bb5 Ne4 28. f3 Nf6 29. Nc5 Kf8 30. b3 Ne8 31. Ra7 Ra8 32. Rxa8 Nxa8 33. Nd7+ Ke7 34. Bc6 Nac7 35. Nc5 g5 36. Bg3 f5 37. Bxe8 Nxe8 38. Be5 Nd6 39. Bxd6+ Kxd6 40. Nd3 1-0

[Event "Muensterland Verbandsklasse 2526"]
[Site "Germany"]
[Date "2025.10.04"]
[Round "2"]
[Board "3"]
[White "Robeling, Stephan"]
[Black "Schaefertoens, Robert"]
[Result "1-0"]
[WhiteElo "1762"]
[BlackElo "1774"]
[WhiteFideId "-1"]
[BlackFideId "-1"]
[PlyCount "91"]
[GameId "2236515142277930"]
[EventDate "2025.??.??"]
[EventType "team-tourn"]
[EventRounds "9"]
[EventCountry "GER"]
[SourceTitle "Verband Muensterland"]
[SourceDate "2026.01.17"]
[SourceVersion "1"]
[SourceVersionDate "2026.01.17"]
[SourceQuality "1"]
[WhiteTeam "Bocholt II"]
[BlackTeam "Greven"]
[WhiteTeamCountry "GER"]
[BlackTeamCountry "GER"]

1. d4 e6 2. Nf3 d5 3. c4 Nf6 4. Nc3 c6 5. Bg5 Nbd7 6. e3 Be7 7. Qc2 b6 8. Bd3 h6 9. Bh4 Bb7 10. O-O Rc8 11. cxd5 cxd5 12. Qa4 a5 13. Ne5 O-O 14. f4 Nxe5 15. fxe5 Nd7 16. Bxe7 Qxe7 17. Rf3 f6 18. exf6 Rxf6 19. Rxf6 Nxf6 20. Rf1 e5 21. dxe5 Qxe5 22. Qd4 Re8 23. Qxb6 Qxe3+ 24. Qxe3 Rxe3 25. Rd1 Kf7 26. Be2 Ne4 27. Nxe4 Rxe4 28. Bf3 Re5 29. Kf2 Ke6 30. Rd4 Kd6 31. Ra4 g5 32. Rxa5 Rf5 33. Ke2 Rf4 34. h3 Bc6 35. a3 Rc4 36. Kd3 Rf4 37. b4 Ke5 38. b5 Bd7 39. b6 Rd4+ 40. Ke3 Bc6 41. Ra7 Rc4 42. Kd2 Rc5 43. Be2 d4 44. b7 Bxb7 45. Rxb7 Ra5 46. Rb5+ 1-0

[Event "Muensterland Verbandsklasse 2526"]
[Site "Germany"]
[Date "2025.10.04"]
[Round "2"]
[Board "4"]
[White "Volk, Hans Ludwig"]
[Black "Tepasse, Wilhelm"]
[Result "0-1"]
[WhiteElo "1756"]
[BlackElo "1677"]
[WhiteFideId "-1"]
[BlackFideId "-1"]
[PlyCount "73"]
[GameId "2236515142286124"]
[EventDate "2025.??.??"]
[EventType "team-tourn"]
[EventRounds "9"]
[EventCountry "GER"]
[SourceTitle "Verband Muensterland"]
[SourceDate "2026.01.17"]
[SourceVersion "1"]
[SourceVersionDate "2026.01.17"]
[SourceQuality "1"]
[WhiteTeam "Greven"]
[BlackTeam "Bocholt II"]
[WhiteTeamCountry "GER"]
[BlackTeamCountry "GER"]

1. c4 c5 2. Nc3 Nf6 3. e4 d6 4. Be2 Nc6 5. d3 Bd7 6. f4 h5 7. Nf3 h4 8. Bd2 e6 9. O-O Be7 10. a3 a6 11. Rb1 a5 12. Qe1 Qb8 13. Nd1 a4 14. Bc3 e5 15. fxe5 dxe5 16. Ne3 h3 17. g3 Nd4 18. Nf5 Bxf5 19. exf5 Kf8 20. Nxd4 exd4 21. Bd2 Bd6 22. Bf4 Qc7 23. Bxd6+ Qxd6 24. Bf3 Ra7 25. Qe2 b6 26. Rbe1 Re7 27. Qxe7+ Qxe7 28. Rxe7 Kxe7 29. Bc6 Ng4 30. Bxa4 Ne3 31. f6+ gxf6 32. Rf4 f5 33. Rf2 Kf6 34. Bd7 Kg5 35. b4 cxb4 36. axb4 Ra8 37. Rb2 0-1

[Event "Muensterland Verbandsklasse 2526"]
[Site "Germany"]
[Date "2025.10.04"]
[Round "2"]
[Board "5"]
[White "Harbring, Morten"]
[Black "Krupka, Michael"]
[Result "1-0"]
[WhiteElo "1535"]
[BlackElo "1641"]
[WhiteFideId "-1"]
[BlackFideId "-1"]
[PlyCount "61"]
[GameId "2236515142286126"]
[EventDate "2025.??.??"]
[EventType "team-tourn"]
[EventRounds "9"]
[EventCountry "GER"]
[SourceTitle "Verband Muensterland"]
[SourceDate "2026.01.17"]
[SourceVersion "1"]
[SourceVersionDate "2026.01.17"]
[SourceQuality "1"]
[WhiteTeam "Bocholt II"]
[BlackTeam "Greven"]
[WhiteTeamCountry "GER"]
[BlackTeamCountry "GER"]

1. e4 c5 2. Nf3 Nc6 3. d4 cxd4 4. Nxd4 e5 5. Nf3 d6 6. h3 Be7 7. Nc3 Nf6 8. Bc4 O-O 9. O-O Bd7 10. Bg5 Nh5 11. Bxe7 Qxe7 12. Nd5 Qe6 13. Nb6 Qe8 14. Nxa8 Qxa8 15. Qxd6 Rd8 16. Qa3 Nf4 17. Rfd1 Bxh3 18. Rxd8+ Qxd8 19. gxh3 Qf6 20. Rd1 Qg6+ 21. Kf1 Qg2+ 22. Ke1 Nxh3 23. Qxa7 g5 24. Qe3 Nf4 25. Rd7 g4 26. Nxe5 Qh1+ 27. Kd2 Nxe5 28. Rd8+ Kg7 29. Qxf4 Nxc4+ 30. Kc3 b5 31. Qg5# 1-0

[Event "Muensterland Verbandsklasse 2526"]
[Site "Germany"]
[Date "2025.10.04"]
[Round "2"]
[Board "6"]
[White "Toews, Andreas"]
[Black "Mager, Helmut"]
[Result "1/2-1/2"]
[WhiteElo "1675"]
[BlackElo "1515"]
[WhiteFideId "-1"]
[BlackFideId "-1"]
[PlyCount "118"]
[GameId "2236515142286128"]
[EventDate "2025.??.??"]
[EventType "team-tourn"]
[EventRounds "9"]
[EventCountry "GER"]
[SourceTitle "Verband Muensterland"]
[SourceDate "2026.01.17"]
[SourceVersion "1"]
[SourceVersionDate "2026.01.17"]
[SourceQuality "1"]
[WhiteTeam "Greven"]
[BlackTeam "Bocholt II"]
[WhiteTeamCountry "GER"]
[BlackTeamCountry "GER"]

1. d4 d5 2. Bf4 Nf6 3. Nf3 e6 4. e3 a6 5. Nbd2 Bd6 6. Bg5 Nbd7 7. Bd3 O-O 8. O-O Re8 9. c3 c6 10. Qc2 h6 11. Bh4 Qc7 12. e4 dxe4 13. Nxe4 Nxe4 14. Bxe4 Be7 15. Bg3 Bd6 16. Rfe1 Bxg3 17. hxg3 Nf6 18. Bd3 Bd7 19. Ne5 Rac8 20. b4 Red8 21. Re3 Be8 22. Rae1 a5 23. a3 axb4 24. axb4 Ra8 25. Nc4 b6 26. Be4 Nxe4 27. Qxe4 Ra7 28. Ne5 Qd6 29. Nf3 Rda8 30. Ne5 Qd5 31. Qd3 b5 32. Qe4 Rc8 33. Qxd5 cxd5 34. g4 Rac7 35. Rc1 f6 36. Nf3 Kf7 37. Nd2 Re7 38. Nb3 e5 39. dxe5 Rxe5 40. Rxe5 fxe5 41. Nc5 Kf6 42. f3 Rd8 43. Rd1 Bf7 44. Kf2 Ra8 45. Kg3 Ra3 46. Rc1 Bg6 47. Nd7+ Ke6 48. Nf8+ Kf6 49. Nxg6 Kxg6 50. Rd1 d4 51. cxd4 exd4 52. Rxd4 Rb3 53. Kf4 Kf6 54. Ke4 Ke6 55. f4 Rb2 56. f5+ Ke7 57. g3 Rb3 58. Kf4 Rc3 59. Ke4 Kf6 1/2-1/2

[Event "Muensterland Verbandsklasse 2526"]
[Site "Germany"]
[Date "2025.10.04"]
[Round "2"]
[Board "7"]
[White "Schneiders, Ben"]
[Black "Soppe, Peter"]
[Result "1/2-1/2"]
[WhiteElo "1729"]
[BlackElo "1547"]
[WhiteFideId "-1"]
[BlackFideId "-1"]
[PlyCount "128"]
[GameId "2236515142286130"]
[EventDate "2025.??.??"]
[EventType "team-tourn"]
[EventRounds "9"]
[EventCountry "GER"]
[SourceTitle "Verband Muensterland"]
[SourceDate "2026.01.17"]
[SourceVersion "1"]
[SourceVersionDate "2026.01.17"]
[SourceQuality "1"]
[WhiteTeam "Bocholt II"]
[BlackTeam "Greven"]
[WhiteTeamCountry "GER"]
[BlackTeamCountry "GER"]

1. e4 c6 2. Nf3 d5 3. Nc3 Bg4 4. h3 Bh5 5. exd5 cxd5 6. g4 Bg6 7. Bb5+ Nc6 8. Ne5 Rc8 9. d4 e6 10. h4 h5 11. Nxg6 fxg6 12. Bg5 Be7 13. Qd3 Kf7 14. Qf3+ Nf6 15. O-O-O hxg4 16. Qf4 Qd6 17. Qe3 a6 18. Be2 b5 19. Rhe1 Nd8 20. Rd2 b4 21. Na4 Ne4 22. Bxe7 Qxe7 23. Rd3 Rxh4 24. Rg1 Qg5 25. Qxg5 Nxg5 26. Bxg4 Ne4 27. Nc5 Nxc5 28. dxc5 Rxc5 29. Rd4 Rc4 30. Rxc4 dxc4 31. Kd2 Nc6 32. Ke3 Ne5 33. Be2 Rh3+ 34. Ke4 Kf6 35. f4 Nf7 36. Kd4 e5+ 37. fxe5+ Nxe5 38. Rf1+ Ke6 39. Bxc4+ Nxc4 40. Kxc4 a5 41. c3 Rh4+ 42. Kb5 Rh5+ 43. Ka4 bxc3 44. bxc3 Rc5 45. Kb3 g5 46. c4 Ke5 47. Kc3 Ke4 48. Rf7 g6 49. Rf6 g4 50. Rxg6 Kf3 51. Kd4 Rc8 52. c5 g3 53. c6 g2 54. Kc5 Kf2 55. Kb6 g1=Q 56. Rxg1 Kxg1 57. Kb7 Rf8 58. c7 Kf2 59. c8=Q Rxc8 60. Kxc8 Ke3 61. Kc7 Kd4 62. Kb6 a4 63. Kb5 a3 64. Kb4 Kd5 1/2-1/2

[Event "Muensterland Verbandsklasse 2526"]
[Site "Germany"]
[Date "2025.10.04"]
[Round "2"]
[Board "1"]
[White "Hidding, Yannick"]
[Black "Limberg, Thomas"]
[Result "1-0"]
[WhiteElo "1902"]
[BlackElo "1815"]
[WhiteFideId "-1"]
[BlackFideId "-1"]
[PlyCount "97"]
[GameId "546629222597"]
[EventDate "2025.??.??"]
[EventType "team-tourn"]
[EventRounds "9"]
[EventCountry "GER"]
[SourceTitle "Verband Muensterland"]
[SourceDate "2026.01.17"]
[SourceVersion "1"]
[SourceVersionDate "2026.01.17"]
[SourceQuality "1"]
[WhiteTeam "Billerbeck"]
[BlackTeam "Olfen"]
[WhiteTeamCountry "GER"]
[BlackTeamCountry "GER"]

1. d4 Nf6 2. Nf3 e6 3. c4 d5 4. Nc3 Be7 5. Bg5 O-O 6. e3 a6 7. a3 Nbd7 8. b4 dxc4 9. Bxc4 b5 10. Bd3 Bb7 11. O-O h6 12. Bh4 Nd5 13. Bxe7 Qxe7 14. Qb3 N7f6 15. Ne4 Nxe4 16. Bxe4 f5 17. Bd3 Nf6 18. Ne5 Bd5 19. Qc2 Ne8 20. f3 Qd8 21. Rac1 Rc8 22. a4 Qd6 23. axb5 axb5 24. Bxb5 Qxb4 25. Bd7 Ra8 26. Qc3 Qb7 27. Rb1 Qa7 28. Nc6 Bxc6 29. Qxc6 Nd6 30. Rfc1 f4 31. Bxe6+ Kh8 32. Qxc7 Qa3 33. Rc3 Qa6 34. Qb6 Rfb8 35. Qxa6 Rxb1+ 36. Qf1 Raa1 37. Qxb1 Rxb1+ 38. Kf2 Rb2+ 39. Kf1 Rb1+ 40. Ke2 Rb2+ 41. Kd3 fxe3 42. Rc2 Rxc2 43. Kxc2 Nb5 44. d5 Nd4+ 45. Kd3 e2 46. Kd2 e1=Q+ 47. Kxe1 Nxe6 48. dxe6 Kg8 49. f4 1-0

[Event "Muensterland Verbandsklasse 2526"]
[Site "Germany"]
[Date "2025.10.04"]
[Round "2"]
[Board "2"]
[White "Boenigk, Winfried"]
[Black "Floeter, Volker"]
[Result "1-0"]
[WhiteElo "1750"]
[BlackElo "1779"]
[WhiteFideId "-1"]
[BlackFideId "-1"]
[PlyCount "71"]
[GameId "546628257141"]
[EventDate "2025.??.??"]
[EventType "team-tourn"]
[EventRounds "9"]
[EventCountry "GER"]
[SourceTitle "Verband Muensterland"]
[SourceDate "2026.01.17"]
[SourceVersion "1"]
[SourceVersionDate "2026.01.17"]
[SourceQuality "1"]
[WhiteTeam "Olfen"]
[BlackTeam "Billerbeck"]
[WhiteTeamCountry "GER"]
[BlackTeamCountry "GER"]

1. d4 Nf6 2. c4 c5 3. d5 b5 4. cxb5 a6 5. e3 e6 6. dxe6 fxe6 7. Nf3 Be7 8. Nc3 O-O 9. Be2 Bb7 10. O-O Qc7 11. h3 d5 12. b3 Nbd7 13. Bb2 Ne4 14. Nxe4 dxe4 15. Nd2 axb5 16. Bxb5 Ne5 17. Qc2 Nd3 18. Bxd3 exd3 19. Qxd3 Rad8 20. Qe2 Qc6 21. f3 Rd5 22. Nc4 Qc7 23. e4 Rg5 24. Rad1 Ba6 25. Rf2 Qg3 26. f4 Bxc4 27. bxc4 Rg6 28. Rd3 Qh4 29. Be5 Bf6 30. Bxf6 gxf6 31. Qe3 Rb8 32. Rb3 Rd8 33. Qxc5 Rd1+ 34. Kh2 Kg7 35. Rb7+ Kh6 36. Qf8+ 1-0